[Event "31. DSenEM2019-Gruppe-50"]
[Site "Radebeul"]
[Date "2019.05.01"]
[Round "6.1"]
[White "Metz, Hartmut"]
[Black "Nekrasov, Mihail"]
[Result "1/2-1/2"]
[BlackElo "2277"]
[BlackTeam "SV Hockenheim"]
[WhiteElo "2251"]
[WhiteTeam "SG Kuppenheim"]

1. e4 { [%clk 1:30:58]}  1... c6 { [%clk 1:29:44]}  2. d4 { [%clk 1:31:21]} 
2... d5 { [%clk 1:30:04]}  3. e5 { [%clk 1:28:23]}  3... Bf5 { [%clk 1:30:18]} 
4. Nf3 { [%clk 1:28:15]}  4... e6 { [%clk 1:30:28]}  5. Be2 { [%clk 1:28:23]} 
5... Nd7 { [%clk 1:25:59]}  6. O-O { [%clk 1:28:47]}  6... h6 { [%clk 1:26:14]}
 7. Nbd2 { [%clk 1:19:48]}  7... Ne7 { [%clk 1:25:29]}  8. Nb3 { [%clk
1:19:29]}  8... g5 { [%clk 1:20:52]}  9. Ne1 { [%clk 1:09:16]}  9... Bg7 {
[%clk 1:07:34]}  10. Nd3 { [%clk 1:02:41]}  10... Ng6 { [%clk 0:49:02]}  11. a4
{ [%clk 1:01:12]}  11... a5 { [%clk 0:47:33]}  12. Bd2 { [%clk 1:01:05]}  12...
b6 { [%clk 0:47:50]}  13. Rc1 { [%clk 0:59:54]}  13... c5 { [%clk 0:44:22]} 
14. dxc5 { [%clk 0:56:34]}  14... bxc5 { [%clk 0:34:47]}  15. Ndxc5 { [%clk
0:55:01]}  15... Nxc5 { [%clk 0:34:12]}  16. Nxc5 { [%clk 0:55:24]}  16... O-O
{ [%clk 0:34:37]}  17. g4 { [%clk 0:54:43]}  17... Be4 { [%clk 0:32:44]}  18.
f3 { [%clk 0:43:02]}  18... Qb6 { [%clk 0:29:18]}  19. Be3 { [%clk 0:43:24]} 
19... d4 { [%clk 0:28:54]}  20. Qxd4 { [%clk 0:42:15]}  20... Bc6 { [%clk
0:28:57]}  21. Nxe6 { [%clk 0:39:52]}  21... Qxd4 { [%clk 0:28:57]}  22. Nxd4 {
[%clk 0:40:20]}  22... Bxa4 { [%clk 0:29:04]}  23. Nf5 { [%clk 0:34:11]}  23...
Bxe5 { [%clk 0:27:00]}  24. b3 { [%clk 0:27:58]}  24... Bd7 { [%clk 0:27:08]} 
25. Nxh6+ { [%clk 0:21:02]}  25... Kh7 { [%clk 0:27:25]}  26. Rcd1 { [%clk
0:19:04]}  26... Be6 { [%clk 0:26:49]}  27. Bxg5 { [%clk 0:18:54]}  27... Bf4 {
[%clk 0:27:03]}  28. h4 { [%clk 0:19:08]}  28... f6  1/2-1/2

[Event "31. DSenEM2019-Gruppe-50"]
[Site "Radebeul"]
[Date "2019.05.01"]
[Round "6.5"]
[White "Wenner, Tobias"]
[Black "Pirrot, Dieter"]
[Result "1-0"]
[BlackElo "2334"]
[BlackTeam "SV Hofheim"]
[WhiteElo "2108"]
[WhiteTeam "Sges Bensheim"]

1. Nf3 { [%clk 1:30:57]}  1... d5 { [%clk 1:30:51]}  2. g3 { [%clk 1:31:07]} 
2... Nc6 { [%clk 1:30:42]}  3. d4 { [%clk 1:30:20]}  3... Bg4 { [%clk 1:30:13]}
 4. Nbd2 { [%clk 1:27:42]}  4... e6 { [%clk 1:28:35]}  5. Bg2 { [%clk 1:27:24]}
 5... Nf6 { [%clk 1:27:45]}  6. c3 { [%clk 1:25:10]}  6... Bd6 { [%clk
1:25:50]}  7. h3 { [%clk 1:21:14]}  7... Bh5 { [%clk 1:25:19]}  8. g4 { [%clk
1:20:14]}  8... Bg6 { [%clk 1:25:40]}  9. Nh4 { [%clk 1:20:01]}  9... Be4 {
[%clk 1:20:12]}  10. Nxe4 { [%clk 1:18:56]}  10... Nxe4 { [%clk 1:20:30]}  11.
Nf3 { [%clk 1:19:02]}  11... h5 { [%clk 1:20:24]}  12. Be3 { [%clk 1:13:37]} 
12... Qe7 { [%clk 1:08:19]}  13. Nd2 { [%clk 1:06:06]}  13... hxg4 { [%clk
0:55:54]}  14. Nxe4 { [%clk 1:05:27]}  14... dxe4 { [%clk 0:56:15]}  15. hxg4 {
[%clk 1:05:33]}  15... Rxh1+ { [%clk 0:56:28]}  16. Bxh1 { [%clk 1:06:01]} 
16... f5 { [%clk 0:56:44]}  17. Qd2 { [%clk 0:59:54]}  17... Qh4 { [%clk
0:49:08]}  18. O-O-O { [%clk 1:00:08]}  18... O-O-O { [%clk 0:48:37]}  19. f3 {
[%clk 0:44:51]}  19... Be7 { [%clk 0:37:18]}  20. gxf5 { [%clk 0:41:34]}  20...
Ne5 { [%clk 0:37:10]}  21. Qe1 { [%clk 0:36:45]}  21... Nc4 { [%clk 0:32:18]} 
22. Qxh4 { [%clk 0:36:52]}  22... Bxh4 { [%clk 0:32:39]}  23. Bf4 { [%clk
0:36:54]}  23... exf5 { [%clk 0:22:21]}  24. b3 { [%clk 0:32:49]}  24... exf3 {
[%clk 0:22:20]}  25. Bxf3 { [%clk 0:32:58]}  25... Nb6 { [%clk 0:19:41]}  26.
Rg1 { [%clk 0:32:57]}  26... Rg8 { [%clk 0:15:28]}  27. Rg6 { [%clk 0:30:33]} 
27... c6 { [%clk 0:15:32]}  28. Be5 { [%clk 0:27:22]}  28... Nd5 { [%clk
0:14:18]}  29. Bxd5 { [%clk 0:27:17]}  29... cxd5 { [%clk 0:14:42]}  30. Rxg7 {
[%clk 0:27:14]}  30... Rxg7 { [%clk 0:15:00]}  31. Bxg7 { [%clk 0:27:42]} 
31... b5 { [%clk 0:12:18]}  32. Kc2 { [%clk 0:26:36]}  32... Kd7 { [%clk
0:12:08]}  33. a4 { [%clk 0:23:17]}  33... a6 { [%clk 0:08:51]}  34. axb5 {
[%clk 0:22:50]}  34... axb5 { [%clk 0:09:13]}  35. c4 { [%clk 0:19:36]}  35...
bxc4 { [%clk 0:09:26]}  36. bxc4 { [%clk 0:17:17]}  36... Kc6 { [%clk 0:04:46]}
 37. Kd3 { [%clk 0:16:54]}  37... Bg5 { [%clk 0:05:00]}  38. Be5 { [%clk
0:15:59]}  38... Bh6 { [%clk 0:05:00]}  39. c5 { [%clk 0:15:40]}  39... Bg5 {
[%clk 0:05:09]}  40. e3 { [%clk 0:09:48]}  40... Kd7 { [%clk 0:04:47]}  41. Ke2
{ [%clk 0:10:03]}  41... Kc6 { [%clk 0:04:32]}  42. Kf3 { [%clk 0:10:24]} 
42... Kd7 { [%clk 0:03:38]}  43. Bf4 { [%clk 0:10:16]}  43... Bd8 { [%clk
0:01:43]}  44. Kg3 { [%clk 0:08:20]}  44... Be7 { [%clk 0:24:44]}  45. Bh6 {
[%clk 0:38:48]}  45... Ke6 { [%clk 0:24:32]}  46. Kf4 { [%clk 0:38:07]}  46...
Bd8 { [%clk 0:21:46]}  47. Bg7 { [%clk 0:37:45]}  47... Bh4 { [%clk 0:21:37]} 
48. Be5 { [%clk 0:37:34]}  48... Bf2 { [%clk 0:21:46]}  49. c6 { [%clk
0:36:59]}  49... Bg1 { [%clk 0:21:46]}  50. Kf3  1-0

[Event "31. DSenEM2019-Gruppe-50"]
[Site "Radebeul"]
[Date "2019.05.01"]
[Round "6.7"]
[White "Schatz, Christian"]
[Black "Wunder, Stefan"]
[Result "1-0"]
[BlackElo "2032"]
[BlackTeam "FC Nordhalben"]
[EventDate "2019.??.??"]
[PlyCount "60"]
[WhiteElo "2150"]
[WhiteTeam "SV WÃ¼rzburg"]

1. d4 g6 2. c4 Bg7 3. Nc3 d6 4. e4 Nc6 5. d5 Nd4 6. Be3 c5 7. Nge2 Qb6 8. Nxd4
cxd4 9. Na4 Qa5+ 10. Bd2 Qc7 11. Rc1 b6 12. b4 Nf6 13. Bd3 Nd7 14. f4 O-O 15.
O-O e6 16. Qb3 Nf6 17. c5 bxc5 18. bxc5 exd5 19. cxd6 Qd8 20. e5 Ne4 21. Qxd5
Nxd2 22. Qxa8 Nxf1 23. Bxf1 g5 24. Qe4 gxf4 25. Qxf4 Re8 26. Rc7 Bd7 27. Bc4
Bxe5 28. Qxf7+ Kh8 29. Qxd7 Bxh2+ 30. Kxh2 Qh4+  1-0

[Event "31. DSenEM2019-Gruppe-50"]
[Site "Radebeul"]
[Date "2019.05.01"]
[Round "6.8"]
[White "Proschmann, Tino"]
[Black "Valet, Richard"]
[Result "1/2-1/2"]
[BlackElo "2051"]
[BlackTeam "Greifswalder SV"]
[EventDate "2019.??.??"]
[PlyCount "143"]
[WhiteElo "2116"]
[WhiteTeam "SC GroÃŸrÃ¶hrsdorf"]

1. e4 c5 2. Nf3 Nc6 3. d4 cxd4 4. Nxd4 Nf6 5. Nc3 e5 6. Ndb5 d6 7. Bg5 a6 8. Na3
b5 9. Nd5 Be7 10. Bxf6 Bxf6 11. c4 b4 12. Nc2 Rb8 13. b3 Bg5 14. g3 Be6 15. h4
Bh6 16. Bh3 O-O 17. Kf1 Kh8 18. Kg2 a5 19. Qd3 Ne7 20. Nce3 Bxe3 21. Nxe3 Rb6
22. Rad1 Qa8 23. f3 a4 24. Rd2 Ra6 25. Rhd1 g6 26. Bxe6 fxe6 27. Qe2 axb3 28.
axb3 Nc6 29. Rxd6 Nd4 30. Rxa6 Qxa6 31. Qb2 Ra8 32. Rd2 Qa1 33. Ng4 Ra5 34.
Qxa1 Rxa1 35. Nxe5 Nxb3 36. Rb2 Ra3 37. Kf2 Kg7 38. Nc6 e5 39. Nxe5 Kf6 40.
Nd7+ Ke7 41. Ne5 Kd6 42. f4 Nc5 43. Rxb4 Nxe4+ 44. Kg2 Rxg3+ 45. Kh2 Rc3 46.
Rb7 Rc2+ 47. Kh3 Rc3+ 48. Kg2 Ke6 49. Rxh7 Kf5 50. Rf7+ Nf6 51. Nd7 Ke6 52.
Rxf6+ Kxd7 53. Rxg6 Rxc4 54. Kg3 Ke7 55. Kg4 Kf7 56. Ra6 Rc1 57. Kg5 Rg1+ 58.
Kf5 Kg7 59. Ra7+ Kh6 60. Kf6 Rg4 61. f5 Rxh4 62. Kf7 Kg5 63. Ra5 Rh7+ 64. Ke6
Rb7 65. Ra6 Rc7 66. Ra8 Rc6+ 67. Kd5 Rb6 68. Rf8 Rb5+ 69. Ke4 Rb4+ 70. Ke5 Rb5+
71. Ke6 Rb6+ 72. Ke5  1/2-1/2

[Event "31. DSenEM2019-Gruppe-50"]
[Site "Radebeul"]
[Date "2019.05.01"]
[Round "6.9"]
[White "Kierzek, Mira"]
[Black "Dehn, Marcus"]
[Result "1/2-1/2"]
[BlackElo "2110"]
[BlackTeam "SV KS Braunschweig"]
[EventDate "2019.??.??"]
[PlyCount "110"]
[WhiteElo "1978"]
[WhiteTeam "SC Fulda"]

1. d4 Nf6 2. Nf3 e6 3. c4 Bb4+ 4. Bd2 Qe7 5. a3 Bxd2+ 6. Qxd2 d6 7. Nc3 O-O 8.
e4 e5 9. d5 a5 10. Be2 Nbd7 11. O-O Nc5 12. Qc2 a4 13. Nd2 Ne8 14. Rae1 g6 15.
f4 exf4 16. Rxf4 f5 17. Ref1 Rf6 18. R4f2 fxe4 19. Ndxe4 Rxf2 20. Rxf2 Nxe4 21.
Qxe4 Qxe4 22. Nxe4 Bf5 23. Bf3 Bxe4 24. Bxe4 Kg7 25. Bc2 Nf6 26. Re2 Kf7 27. h3
Nd7 28. Bd1 b6 29. Rf2+ Ke7 30. Rc2 Ne5 31. Be2 Rf8 32. Rc3 Rf4 33. Rc2 Re4 34.
Kf2 Kd8 35. Rc3 Nd7 36. Bd1 Nc5 37. Bc2 Re7 38. Re3 Rxe3 39. Kxe3 Ke7 40. Kf4
Kf6 41. h4 h6 42. g3 g5+ 43. hxg5+ hxg5+ 44. Kg4 Nd7 45. b3 Ne5+ 46. Kh3 axb3
47. Bxb3 Nf3 48. Bd1 Nd2 49. Be2 Ne4 50. Kg4 Nc5 51. Bf1 Nd7 52. Kh5 Ne5 53.
Be2 Kf5 54. Bf1 Kf6 55. Be2 Kf5  1/2-1/2

[Event "31. DSenEM2019-Gruppe-50"]
[Site "Radebeul"]
[Date "2019.05.01"]
[Round "6.10"]
[White "Spiess, Thomas"]
[Black "Kebbedies, Frank"]
[Result "1-0"]
[BlackElo "1740"]
[BlackTeam "Rastede"]
[EventDate "2019.??.??"]
[PlyCount "105"]
[WhiteElo "1965"]
[WhiteTeam "SK Ricklingen"]

1. Nf3 d5 2. c4 c6 3. g3 Nf6 4. Bg2 Bg4 5. O-O Nbd7 6. cxd5 cxd5 7. Nc3 e6 8. d3
Be7 9. Qb3 Nc5 10. Qc2 Rc8 11. Ne5 Bh5 12. d4 Ncd7 13. Qa4 a6 14. h3 O-O 15. g4
Nb6 16. Qd1 Bg6 17. h4 h5 18. Nxg6 fxg6 19. g5 Ne8 20. Qd3 Nc7 21. Qxg6 Qe8 22.
Qd3 Qf7 23. Qg3 g6 24. e4 Nb5 25. Nxb5 axb5 26. Bd2 Nc4 27. Be3 Nxb2 28. exd5
exd5 29. Rab1 Nc4 30. Rb3 Bd6 31. Qh3 Nxe3 32. fxe3 Qe7 33. Bxd5+ Kh8 34. Rxf8+
Qxf8 35. Rxb5 Rc2 36. Qf3 Qc8 37. Qf6+ Kh7 38. Qf7+ Kh8 39. Qf6+ Kh7 40. Rxb7+
Bc7 41. Qf7+ Kh8 42. Qe6 Bh2+ 43. Kh1 Rc1+ 44. Kxh2 Qc2+ 45. Bg2 Rh1+ 46. Kg3
Qxg2+ 47. Kxg2 Rh2+ 48. Kf3 Rf2+ 49. Ke4 Rf4+ 50. Ke5 Re4+ 51. Kd6 Rxd4+ 52.
Ke7 Rd8 53. Qf6+  1-0

[Event "31. DSenEM2019-Gruppe-50"]
[Site "Radebeul"]
[Date "2019.05.01"]
[Round "6.11"]
[White "Pichler, Manfred"]
[Black "Schulze, Andreas"]
[Result "0-1"]
[BlackElo "2135"]
[BlackTeam "TG Biberach"]
[EventDate "2019.??.??"]
[PlyCount "74"]
[WhiteElo "2017"]
[WhiteTeam "USV Halle"]

1. e4 Nf6 2. Nc3 d5 3. exd5 Nxd5 4. Bc4 e6 5. Nge2 Be7 6. d4 O-O 7. O-O b6 8.
Nxd5 exd5 9. Bd3 Bg4 10. c3 c5 11. h3 Bh5 12. Qc2 Bg6 13. dxc5 Bxc5 14. Nf4 Nc6
15. Bxg6 hxg6 16. Rd1 d4 17. b4 Bd6 18. b5 Ne7 19. Rxd4 Nf5 20. Rd3 Qe7 21. Bd2
Rfe8 22. Nd5 Qb7 23. Bf4 Bc5 24. Nc7 Nh4 25. Rg3 Re4 26. Qd2 Rc8 27. Rd1 Nf5
28. Rg4 Rxf4 29. Qxf4 Qxc7 30. Qxc7 Rxc7 31. Rd8+ Kh7 32. Re4 Be7 33. Re8 Bf6
34. Rf4 Nd6 35. Rf8 Nxb5 36. g4 Nxc3 37. g5 Ne2+  0-1

[Event "31. DSenEM2019-Gruppe-50"]
[Site "Radebeul"]
[Date "2019.05.01"]
[Round "6.12"]
[White "Kaiser, Sebastian"]
[Black "Schmidt, Gerhard"]
[Result "0-1"]
[BlackElo "2077"]
[BlackTeam "SV Kreuztal"]
[EventDate "2019.??.??"]
[PlyCount "94"]
[WhiteElo "1920"]
[WhiteTeam "SC GroÃŸrÃ¶hrsdorf"]

1. d4 Nf6 2. Nf3 g6 3. c4 Bg7 4. Nc3 O-O 5. e4 d6 6. h3 e5 7. dxe5 dxe5 8. Qxd8
Rxd8 9. Bg5 c6 10. Be2 Re8 11. O-O-O Nbd7 12. Be3 Bf8 13. Nd2 Bc5 14. Bxc5 Nxc5
15. b4 Ne6 16. Nb3 b6 17. Rd6 Ba6 18. Rhd1 Red8 19. Rxd8+ Rxd8 20. Rxd8+ Nxd8
21. Kd2 Ne6 22. Ke3 Nd7 23. g3 h5 24. Bd3 c5 25. bxc5 Ndxc5 26. Nxc5 Nxc5 27.
Nb5 Bc8 28. h4 a6 29. Nc7 Bb7 30. Nd5 Bxd5 31. cxd5 Kf8 32. Bc2 Ke7 33. Kd2 Kd6
34. Kc3 b5 35. Kb4 Nb7 36. Bd3 Kc7 37. Bc2 Kb6 38. Kc3 Kc5 39. a3 Nd6 40. Bd3
a5 41. f3 f6 42. f4 a4 43. fxe5 fxe5 44. Kc2 Kd4 45. Kd2 b4 46. axb4 a3 47. Bb1
Nxe4+  0-1

[Event "31. DSenEM2019-Gruppe-50"]
[Site "Radebeul"]
[Date "2019.05.01"]
[Round "6.13"]
[White "Bohnstorff, Michael"]
[Black "Siggelkow, Axel"]
[Result "1-0"]
[BlackElo "1933"]
[BlackTeam "BSV Chemie Radebeul"]
[EventDate "2019.??.??"]
[PlyCount "107"]
[WhiteElo "2044"]
[WhiteTeam "SC LÃ¼neburg"]

1. d4 Nf6 2. Nf3 c5 3. e3 g6 4. Be2 Bg7 5. O-O O-O 6. c4 d6 7. Nc3 a6 8. e4 cxd4
9. Nxd4 Nc6 10. Nc2 Be6 11. Rb1 Rc8 12. Be3 Ne5 13. b3 Nc6 14. Qd2 Re8 15. f3
Qc7 16. Rbc1 Qb8 17. Rfe1 Nd7 18. Bf1 Nde5 19. Kh1 h5 20. Nd5 Nd7 21. Nf4 Nf8
22. Nd5 Bxd5 23. exd5 Ne5 24. Bd4 e6 25. f4 Ng4 26. Bxg7 Kxg7 27. dxe6 Nxe6 28.
h3 Nh6 29. Bd3 Nc5 30. Nd4 Rxe1+ 31. Rxe1 Re8 32. Bc2 Qd8 33. b4 Rxe1+ 34. Qxe1
Qf6 35. bxc5 Qxd4 36. cxd6 Qxd6 37. Qc3+ Qf6 38. Qe5 b6 39. Kg1 Ng8 40. Kf2 Ne7
41. Be4 a5 42. Ke3 Qxe5 43. fxe5 Kf8 44. Kd4 Ke8 45. c5 b5 46. c6 Kd8 47. Kc5
b4 48. Kb5 Nc8 49. Kxa5 Ke7 50. Bd5 f6 51. exf6+ Kxf6 52. Kxb4 Ke5 53. Kc5 g5
54. Bf3  1-0

[Event "31. DSenEM2019-Gruppe-50"]
[Site "Radebeul"]
[Date "2019.05.01"]
[Round "6.14"]
[White "MÃ¼ller, Rudolf"]
[Black "Noldt, Torsten"]
[Result "1-0"]
[BlackElo "2013"]
[BlackTeam "Elmshorner SC"]
[EventDate "2019.??.??"]
[PlyCount "99"]
[WhiteElo "2071"]
[WhiteTeam "Karlsruher SF"]

1. e4 d6 2. d4 Nf6 3. Nc3 g6 4. Be2 Bg7 5. h4 c5 6. d5 h5 7. Nh3 Nbd7 8. Bg5 Ne5
9. Bxf6 exf6 10. f3 Bd7 11. Nf2 Bh6 12. g3 Be3 13. f4 Bxf2+ 14. Kxf2 Ng4+ 15.
Bxg4 Bxg4 16. Qd3 O-O 17. Nd1 Qd7 18. Ne3 Rfe8 19. Nxg4 Qxg4 20. Rae1 Qd7 21.
Kg2 b5 22. Rhf1 Kg7 23. Qf3 f5 24. e5 Rad8 25. exd6 Qxd6 26. Rxe8 Rxe8 27. b3
Re4 28. Rd1 a6 29. c3 Kf8 30. Qd3 c4 31. bxc4 bxc4 32. Qd2 Kg7 33. Kf3 Kf8 34.
Qf2 Kg7 35. Rd4 Qa3 36. Rxe4 fxe4+ 37. Kxe4 f5+ 38. Kd4 Qa5 39. Qb2 Qc7 40. Qb4
Qf7 41. Kxc4 Qd7 42. Kd3 Kf7 43. c4 Qe8 44. c5 Qd7 45. Qc4 Qb7 46. Qb3 Qa7 47.
d6+ Kg7 48. Qb6 Qa8 49. c6 Qe8 50. Qd4+  1-0

[Event "31. DSenEM2019-Gruppe-50"]
[Site "Radebeul"]
[Date "2019.05.01"]
[Round "6.15"]
[White "Schober, Ralf"]
[Black "Wagner, Bernd"]
[Result "1/2-1/2"]
[BlackElo "1948"]
[BlackTeam "Aufbau Bernburg"]
[EventDate "2019.??.??"]
[PlyCount "33"]
[WhiteElo "2070"]
[WhiteTeam "SV Sundern"]

1. d4 Nf6 2. Bg5 g6 3. Bxf6 exf6 4. e3 Bg7 5. g3 O-O 6. Bg2 d6 7. Ne2 f5 8. c3
Nd7 9. Qb3 Nf6 10. Nd2 Re8 11. O-O c6 12. Qc2 Be6 13. Nf4 Qc7 14. Nxe6 fxe6 15.
Qb3 Kh8 16. Rfd1 d5 17. f4  1/2-1/2

[Event "31. DSenEM2019-Gruppe-50"]
[Site "Radebeul"]
[Date "2019.05.01"]
[Round "6.16"]
[White "Lauckner, JÃ¶rg"]
[Black "Noack, Mario"]
[Result "1/2-1/2"]
[BlackElo "1944"]
[BlackTeam "SC GroÃŸrÃ¶hrsdorf"]
[EventDate "2019.??.??"]
[PlyCount "81"]
[WhiteElo "1975"]
[WhiteTeam "SG Leipzig"]

1. d4 g6 2. c4 Bg7 3. g3 d6 4. Nf3 Nf6 5. Bg2 O-O 6. Nc3 Nbd7 7. O-O e5 8. dxe5
Nxe5 9. Nxe5 dxe5 10. Qxd8 Rxd8 11. Bg5 Re8 12. Rac1 c6 13. b4 h6 14. Be3 Ng4
15. Bc5 f5 16. b5 e4 17. bxc6 bxc6 18. Bd6 Ba6 19. h3 Ne5 20. c5 Nf7 21. Bf4 g5
22. Be3 Rab8 23. Rc2 Bxc3 24. Rxc3 Bxe2 25. Re1 Rb2 26. Ra3 Bc4 27. Rxa7 Rxa2
28. Rxa2 Bxa2 29. f3 Bd5 30. Bd4 Nd8 31. fxe4 fxe4 32. Kf2 Ne6 33. Bxe4 Nxd4
34. Bxd5+ Kf8 35. Rxe8+ Kxe8 36. Bc4 Kd7 37. Ke3 Ne6 38. Bxe6+ Kxe6 39. Ke4 h5
40. g4 h4 41. Kd4  1/2-1/2

[Event "31. DSenEM2019-Gruppe-50"]
[Site "Radebeul"]
[Date "2019.05.01"]
[Round "6.17"]
[White "Lehr, Thomas"]
[Black "Steinert, Frank"]
[Result "1-0"]
[BlackElo "1960"]
[BlackTeam "SV Dresden-Leuben"]
[EventDate "2019.??.??"]
[PlyCount "113"]
[WhiteElo "1902"]
[WhiteTeam "Husumer SV"]

1. e4 e6 2. d4 d5 3. Nd2 Nf6 4. e5 Nfd7 5. Bd3 c5 6. c3 Nc6 7. Ne2 cxd4 8. cxd4
f6 9. exf6 Nxf6 10. O-O Bd6 11. Nf3 Qc7 12. h3 O-O 13. Be3 Bd7 14. Nc3 a6 15.
Rc1 Kh8 16. Re1 Bf4 17. Qd2 Nh5 18. Bf1 Qd6 19. Qd1 g6 20. Na4 Rae8 21. Nc5 Bc8
22. Nd3 Bxe3 23. Rxe3 Rxf3 24. Qxf3 Nxd4 25. Qd1 Nc6 26. Ne5 Nxe5 27. Qd4 Ng7
28. Rxe5 Kg8 29. Rce1 Bd7 30. g4 Rc8 31. Bd3 Qc5 32. Qxc5 Rxc5 33. Kf1 Bb5 34.
Ke2 Rc2+ 35. Ke3 Bxd3 36. Kxd3 Rxb2 37. R5e2 Rb4 38. Rc1 Kf7 39. Rc7+ Kf8 40.
Kc3 g5 41. Rb2 Ne8 42. Rxb7 Rc4+ 43. Kd3 e5 44. Rxh7 e4+ 45. Kd2 d4 46. Rb8 Ra4
47. Rh8+ Kf7 48. Rhxe8 Rxa2+ 49. Kc1 Ra1+ 50. Kb2 Re1 51. Red8 d3 52. Rbc8 Ke7
53. Re8+ Kd7 54. Red8+ Ke7 55. Rd4 Kf7 56. Rcc4 Kf6 57. Rc5  1-0

[Event "31. DSenEM2019-Gruppe-50"]
[Site "Radebeul"]
[Date "2019.05.01"]
[Round "6.18"]
[White "Krien, Hartmut"]
[Black "Seils, Ralf"]
[Result "1/2-1/2"]
[BlackElo "1954"]
[BlackTeam "SF Nordost Berlin"]
[EventDate "2019.??.??"]
[PlyCount "53"]
[WhiteElo "1853"]
[WhiteTeam "SK Heidenau"]

1. e4 c5 2. Nc3 Nc6 3. Nge2 d6 4. g3 g6 5. Bg2 Bg7 6. O-O Nf6 7. h3 O-O 8. d3 e5
9. Bg5 Be6 10. Nd5 Bxd5 11. exd5 Ne7 12. Nc3 h6 13. Be3 a6 14. Qd2 Kh7 15. g4
b5 16. g5 Nfg8 17. Ne4 Nf5 18. Kh2 Nxe3 19. Qxe3 f5 20. gxf6 Nxf6 21. c4 Nh5
22. Ng3 Nf4 23. Be4 h5 24. Rg1 Qh4 25. Nh1 Rf6 26. Qg3 Qxg3+ 27. fxg3  1/2-1/2

[Event "31. DSenEM2019-Gruppe-50"]
[Site "Radebeul"]
[Date "2019.05.01"]
[Round "6.19"]
[White "Becker, Michael"]
[Black "Held, Peter"]
[Result "1-0"]
[BlackElo "2179"]
[BlackTeam "SC Kreuzberg"]
[EventDate "2019.??.??"]
[PlyCount "81"]
[WhiteElo "2272"]
[WhiteTeam "USV Halle"]

1. e4 e5 2. Nf3 Nc6 3. d4 exd4 4. Nxd4 Nf6 5. Nxc6 bxc6 6. e5 Qe7 7. Qe2 Nd5 8.
c4 Ba6 9. b3 O-O-O 10. g3 g5 11. Bb2 Bg7 12. Nd2 Nb4 13. O-O-O Nxa2+ 14. Kb1
Nb4 15. Bg2 Rhe8 16. Rhe1 f5 17. Nf3 c5 18. h4 Bb7 19. Nxg5 Bxg2 20. f3 h6 21.
Qxg2 hxg5 22. f4 Kb8 23. fxg5 Qf7 24. Qf2 d6 25. Bc3 Bxe5 26. Bxe5 dxe5 27.
Qxc5 Qf8 28. Rxd8+ Rxd8 29. Qxf8 Rxf8 30. Rxe5 a6 31. g6 f4 32. gxf4 Rxf4 33.
Re8+ Kb7 34. g7 Rf1+ 35. Kb2 Rf2+ 36. Kc1 Nd3+ 37. Kb1 Rb2+ 38. Ka1 Rc2 39.
g8=Q Rc1+ 40. Ka2 Rc2+ 41. Ka3  1-0

[Event "31. DSenEM2019-Gruppe-50"]
[Site "Radebeul"]
[Date "2019.05.01"]
[Round "6.20"]
[White "Eilmes, Franco"]
[Black "Sand, Rosemarie"]
[Result "1/2-1/2"]
[BlackElo "1819"]
[BlackTeam "SF Pfullingen"]
[EventDate "2019.??.??"]
[PlyCount "80"]
[WhiteElo "1778"]
[WhiteTeam "SV Traktor Priestewitz"]

1. e4 c5 2. d3 d6 3. Nd2 Nf6 4. Ngf3 Nc6 5. g3 g6 6. Bg2 Bg7 7. O-O O-O 8. a4
Qc7 9. Re1 h6 10. Nc4 Nh7 11. Ne3 e6 12. c3 Bd7 13. Nc4 Rad8 14. Bf4 e5 15. Bd2
Ne7 16. Qc1 g5 17. Ne3 f5 18. exf5 Bxf5 19. Nxf5 Rxf5 20. Be3 Rdf8 21. Qd1 d5
22. d4 e4 23. Nd2 c4 24. Bh3 R5f6 25. b3 cxb3 26. Qxb3 Rb6 27. Qa3 Nf5 28. Rab1
Rxb1 29. Rxb1 Nxe3 30. fxe3 Nf6 31. Qb3 g4 32. Bf1 Kh8 33. c4 dxc4 34. Bxc4 b6
35. Bb5 Qe7 36. Rc1 Qd8 37. Qc2 Qe7 38. Qc7 Qa3 39. Qc3 Qe7 40. Qb3 Qd8 
1/2-1/2

[Event "31. DSenEM2019-Gruppe-50"]
[Site "Radebeul"]
[Date "2019.05.01"]
[Round "6.21"]
[White "Reitmaier, Adolf"]
[Black "Bigott, Martin"]
[Result "1/2-1/2"]
[BlackElo "1782"]
[BlackTeam "SF Lohmar"]
[EventDate "2019.??.??"]
[PlyCount "90"]
[WhiteElo "1476"]
[WhiteTeam "vereinslos"]

1. c4 c5 2. Nc3 g6 3. Nf3 Bg7 4. d3 e6 5. Bf4 d6 6. Nb5 e5 7. Bg5 f6 8. Bd2 Nc6
9. e3 a6 10. Nc3 Nge7 11. Be2 O-O 12. a3 Be6 13. O-O Rb8 14. Rb1 b5 15. cxb5
axb5 16. d4 cxd4 17. Nxb5 d3 18. Bxd3 e4 19. Nfd4 Nxd4 20. Nxd4 Ba2 21. Ra1 Bd5
22. Be2 Rxb2 23. Qc1 Rb7 24. Bc4 Bxc4 25. Qxc4+ d5 26. Qa2 Qd7 27. Rad1 Ra8 28.
Rb1 Rab8 29. Rxb7 Qxb7 30. Bb4 Nf5 31. Ne6 Kf7 32. Nc5 Qc6 33. Nxe4 Bf8 34.
Bxf8 Kxf8 35. Nd2 Ne7 36. Nb3 Qc4 37. Nc1 Qxa2 38. Nxa2 Ra8 39. g3 Rxa3 40. Nb4
Rb3 41. Nc2 Rb2 42. Nd4 Kf7 43. Ra1 Rb7 44. g4 g5 45. Ra5 Rd7  1/2-1/2

[Event "31. DSenEM2019-Gruppe-50"]
[Site "Radebeul"]
[Date "2019.05.01"]
[Round "6.22"]
[White "John, Bernd"]
[Black "SchÃ¶ttker, Jochen"]
[Result "0-1"]
[BlackElo "1896"]
[BlackTeam "SC Northeim"]
[EventDate "2019.??.??"]
[PlyCount "106"]
[WhiteElo "1796"]
[WhiteTeam "SC Sonthofen"]

1. d4 f5 2. Bf4 Nf6 3. Nc3 g6 4. e3 Bg7 5. Bc4 d5 6. Be2 c6 7. h4 h6 8. Nf3 Nbd7
9. Ne5 Nxe5 10. Bxe5 b5 11. a3 a5 12. g4 fxg4 13. Bxf6 exf6 14. Bxg4 f5 15. Bf3
Be6 16. Ne2 Bf6 17. Nf4 Bf7 18. h5 g5 19. Nd3 O-O 20. Be2 Qe8 21. Kd2 Kh7 22.
f4 g4 23. Qe1 Rg8 24. Qg3 Rg7 25. Nf2 Be6 26. Nd3 Be7 27. Ne5 Bd6 28. Ng6 Kg8
29. Bd3 c5 30. c3 c4 31. Bc2 b4 32. Rhb1 b3 33. Bd1 Bf7 34. Ne5 Bxh5 35. Be2
Bf7 36. Rh1 h5 37. Raf1 Be7 38. Qg2 Be6 39. Rh2 Ra7 40. Rfh1 h4 41. Rxh4 Bxh4
42. Rxh4 Rh7 43. Rxh7 Rxh7 44. Nf3 Qg6 45. Ng5 Rh6 46. Bxc4 dxc4 47. Qa8+ Kg7
48. Qb7+ Bf7 49. Qe7 Kg8 50. Qb7 g3 51. Qc8+ Kg7 52. Qc7 Rh2+ 53. Ke1 Rxb2  0-1

[Event "31. DSenEM2019-Gruppe-50"]
[Site "Radebeul"]
[Date "2019.05.01"]
[Round "6.23"]
[White "Wulff, Jens-Peter"]
[Black "Weser, Dietmar"]
[Result "1-0"]
[BlackElo "1566"]
[BlackTeam "SV Traktor Priestewitz"]
[EventDate "2019.??.??"]
[PlyCount "53"]
[WhiteElo "1809"]
[WhiteTeam "SV GrevesmÃ¼hlen"]

1. d4 d5 2. Nf3 c6 3. c3 e6 4. Bf4 Nd7 5. Nbd2 Be7 6. e3 Ngf6 7. Bd3 O-O 8. Ne5
c5 9. Rc1 h6 10. h4 c4 11. Bb1 Nb6 12. g4 Bd7 13. g5 Ne8 14. gxh6 Bf6 15. hxg7
Bxg7 16. h5 Qf6 17. h6 Ba4 18. b3 cxb3 19. axb3 Bb5 20. Qg4 Nd7 21. Bh7+ Kh8
22. hxg7+ Nxg7 23. Nxd7 Bxd7 24. Be5 Qxe5 25. dxe5 Bc6 26. Qh4 Nf5 27. Bxf5+ 
1-0